000
00319nam a2200121Ia 4500
008
190415s9999 xx 000 0 und d
082
_a
RL.0011
100
_a
Lallan Prasad
245
0
_a
Problems of unorganized sector : An empirical study of zari industry of Banaras
260
_c
1985
300
_a
v.p.
942
_c
BK
999
_c
18534
_d
18534